书目信息 |
| 题名: |
常用构词字典
|
|
| 作者: | 傅兴岭 , 陈章焕 编 | |
| 分册: | ||
| 出版信息: | 北京 中国人民大学出版社 1982 |
|
| 页数: | 531页 | |
| 开本: | 19cm | |
| 丛书名: | ||
| 单 册: | ||
| 中图分类: | H146.1-61 , H163 | |
| 科图分类: | ||
| 主题词: | 汉语-构词法--字典 , 构词法-汉语--字典 , 汉语--词典学 | |
| 电子资源: | ||
| ISBN: | ||
| 000 | 00744nam0 2200277 45 | |
| 001 | 1530614661 | |
| 005 | 20150118083159.35 | |
| 010 | @b精装@dCNY3.00 | |
| 091 | @aCN@b9011.81 | |
| 100 | @a19950704d1982 em y0chiy0121 ea | |
| 101 | 0 | @achi |
| 102 | @aCN@b110000 | |
| 105 | @ay e 000yy | |
| 200 | 10 | @a常用构词字典@Achang yong gou ci zi dian@f傅兴岭,陈章焕主编 |
| 210 | @a北京@c中国人民大学出版社@d1982 | |
| 215 | @a531页@d19cm | |
| 606 | @a汉语-构词法@x字典 | |
| 606 | @a构词法-汉语@x字典 | |
| 606 | 0 | @a汉语@x词典学 |
| 690 | @aH146.1-61@v3 | |
| 690 | @aH163@v4 | |
| 701 | 0 | @a傅兴岭@Afu xing ling@4编 |
| 701 | 0 | @a陈章焕@Achen zhang huan@4编 |
| 801 | 0 | @aCN@bTSSF@c20150118 |
| 801 | 2 | @aCN@bNLC |
| 905 | @aZUCC@dH163@eJY83 | |
| 常用构词字典/傅兴岭,陈章焕主编.-北京:中国人民大学出版社,1982 |
| 531页;19cm |
| ISBN (精装):CNY3.00 |
| ● |
| 相关链接 |
|
|
|
|
正题名:常用构词字典
索取号:H163/JY83
 
预约/预借
| 序号 | 登录号 | 条形码 | 馆藏地/架位号 | 状态 | 备注 |
| 1 | 7852449 | 278524492 | 学院路分馆/ [索取号:H163/JY83] | 在馆 | |
| 2 | 7852450 | 278524508 | 学院路分馆/ [索取号:H163/JY83] | 在馆 | |
| 3 | 7852451 | 278524517 | 学院路分馆/ [索取号:H163/JY83] | 在馆 | |
| 4 | 7852452 | 278524526 | 学院路分馆/ [索取号:H163/JY83] | 在馆 |